00485nam a2200121Ia 4500008004100000245013200041245002700173260000900200650001400209856004800223999001900271952007300290171211s9999 xx 000 0 und d aProfit Upgrade: How to Turn Your Workforce into Your Salesforce, and Add GBP 1, 000s, GBP 100, 000s or GBP 1m+ to Your Bottom-l cRichard Parkes Cordock c2008 xECONOMICS uhttp://down.ebook777.com/062/095529861X.pdf c349592d349592 001040aCLbCLd2017-12-11l0r2017-12-11 00:00:00w2017-12-11yCBE